| 000 | 00307nam a22001097a 4500 | ||
|---|---|---|---|
| 008 | 150604t xxu||||| |||| 00| 0 eng d | ||
| 020 | _a978-969-8535-22-3 | ||
| 100 |
_aDr. Shahid Ahmad Hashmat _9991 |
||
| 245 |
_aInternational Conflict Resolution _bRole of the UN and the OIC |
||
| 300 | _a277 | ||
| 942 |
_2ddc _cBK |
||
| 999 |
_c17262 _d17262 |
||